Wszystkie wersje Minecraft - Statystyki

Ogólne statystyki
  • Ten quiz został rozwiązany 1 074 razy
  • Średni wynik to 43 z 61
Statystyki odpowiedzi
Wersje % Poprawnych
1.1
100%
1.0
93%
1.11
86%
1.12
86%
1.8
85%
1.13
84%
1.14
84%
1.15
83%
1.9
81%
1.10
79%
1.11.1
73%
1.12.1
73%
1.12.2
73%
1.13.1
73%
1.13.2
73%
1.14.1
73%
1.14.2
73%
1.11.2
72%
1.14.3
72%
1.14.4
72%
1.8.1
72%
1.8.2
72%
1.8.3
72%
1.8.8
72%
1.8.9
72%
1.8.4
71%
1.8.5
71%
1.8.6
71%
1.8.7
71%
1.9.1
71%
1.9.2
71%
1.9.3
71%
1.9.4
71%
1.10.1
70%
1.10.2
70%
1.2.1
67%
1.2.3
67%
1.2.2
66%
1.2.4
66%
1.2.5
66%
1.7.2
66%
1.3.1
65%
1.3.2
64%
1.7.3
64%
1.7.4
64%
1.7.5
64%
1.7.6
64%
1.7.7
64%
1.7.8
64%
1.7.9
64%
1.4.2
62%
1.5.2
62%
1.6.1
62%
1.6.2
62%
1.4.4
61%
1.4.5
61%
1.5.1
61%
1.4.6
60%
1.4.7
60%
1.6.4
60%
1.7.10
59%
Nie znaleziono quizów pasujących do podanych kryteriów
Rozkład punktacji
Procent ludzi z każdym wynikiem
Percentyl według liczby udzielonych odpowiedzi
Twoja historia wyników
Nie rozwiązałeś tego quizu